[Event "Scarborough CC Spring Into Summer U2000"]
[Site "Toronto"]
[Date "2011.06.09"]
[Round "6"]
[White "Stavropoulos, Greg"]
[Black "Verde, Pino"]
[Result "0-1"]
[WhiteElo "1872"]
[BlackElo "1660"]
[PlyCount "94"]
[EventDate "2011.04.28"]
[EventType "swiss"]
[EventRounds "9"]
[EventCountry "CAN"]
[SourceTitle "EXT 2022"]
[Source "ChessBase"]
[SourceDate "2021.10.06"]
[SourceVersion "1"]
[SourceVersionDate "2021.10.06"]
[SourceQuality "1"]

1. c4 Nf6 2. Nc3 e5 3. Nf3 d6 4. d4 Nbd7 5. e4 Be7 6. h3 c6 7. Be3 Qc7 8. Bd3 a6 9. a4 Rb8 10. 0-0 Nf8 11. Rc1 Bd7 12. Qb3 h6 13. Rfd1 Qc8 14. dxe5 dxe5 15. Nxe5 Bxh3 16. gxh3 Qxh3 17. Bf1 Qh5 18. Bf4 Ne6 19. Bg3 Bc5 20. Nxc6 Qg5 21. Ne2 Nxe4 22. Nxb8 Bxf2+ 23. Kg2 Bxg3 24. Nxg3 Nf4+ 25. Kg1 Nxg3 26. Qe3+ Ne4+ 27. Kh2 Qh4+ 28. Bh3 0-0 29. Rf1 Nxh3 30. Qxh3 Qe7 31. Rce1 Qe5+ 32. Kg2 Qxb2+ 33. Kh1 Nf2+ 34. Rxf2 Qxf2 35. Rf1 Qd4 36. Nd7 Rd8 37. Nf6+ gxf6 38. Rg1+ Kh7 39. Qf5+ Kh8 40. Qh5 Qe4+ 41. Rg2 Qf4 42. Qxf7 Qh4+ 43. Rh2 Rd1+ 44. Kg2 Rd2+ 45. Kf3 Rd3+ 46. Kg2 Qg4+ 47. Kf1 Qf3+ 0-1

[Event "Scarborough CC Spring Into Summer U2000"]
[Site "Toronto"]
[Date "2011.05.26"]
[Round "4"]
[White "Bellomo, Joe"]
[Black "Stavropoulos, Greg"]
[Result "0-1"]
[WhiteElo "1674"]
[BlackElo "1872"]
[PlyCount "91"]
[EventDate "2011.04.28"]
[EventType "swiss"]
[EventRounds "9"]
[EventCountry "CAN"]
[SourceTitle "EXT 2022"]
[Source "ChessBase"]
[SourceDate "2021.10.06"]
[SourceVersion "1"]
[SourceVersionDate "2021.10.06"]
[SourceQuality "1"]

1. e4 c5 2. Nf3 e6 3. d3 d5 4. exd5 exd5 5. g3 Nf6 6. Be2 h6 7. 0-0 Nc6 8. Re1 Be7 9. Bf1 0-0 10. Bg2 Bd6 11. Nbd2 Be6 12. Nf1 Qd7 13. Nh4 Bh3 14. Bh1 Rfe8 15. Ne3 d4 16. Neg2 Bg4 17. f3 Rxe1+ 18. Nxe1 Be6 19. Nhg2 Re8 20. Bf4 Nd5 21. Bxd6 Qxd6 22. Qd2 Bd7 23. c4 dxc3 24. bxc3 Qe5 25. Rc1 Qe2 26. Qxe2 Rxe2 27. d4 c4 28. f4 Rxa2 29. Nf3 Ra3 30. Nd2 Na5 31. Ne1 Bc6 32. Ne4 Kf8 33. Nc2 Nxc3 34. Re1 Ra2 35. Nxc3 Rxc2 36. d5 Rxc3 37. dxc6 Nxc6 38. Bd5 Na5 39. Ra1 b6 40. Re1 Rd3 41. Be4 Rd4 42. Kg2 Rd2+ 43. Kh3 Nb3 44. Bc6 g5 45. Rf1 Kg7 46. Rc1 0-1

[Event "Scarborough CC-ch Reserves"]
[Site "Toronto"]
[Date "2011.04.07"]
[Round "7"]
[White "Stavropoulos, Greg"]
[Black "Gaffney, Kevin"]
[Result "0-1"]
[WhiteElo "1917"]
[BlackElo "1642"]
[PlyCount "49"]
[EventDate "2011.02.24"]
[EventType "swiss"]
[EventRounds "9"]
[EventCountry "CAN"]
[SourceTitle "EXT 2022"]
[Source "ChessBase"]
[SourceDate "2021.10.06"]
[SourceVersion "1"]
[SourceVersionDate "2021.10.06"]
[SourceQuality "1"]

1. Nf3 d5 2. c4 e6 3. g3 c5 4. Bg2 Nc6 5. 0-0 Nf6 6. d3 Be7 7. Nbd2 0-0 8. b3 Qc7 9. Bb2 b6 10. Re1 Bb7 11. cxd5 exd5 12. Rc1 d4 13. a3 Rad8 14. Nh4 Rfe8 15. Nf5 Bf8 16. h3 Qd7 17. Nh4 Bd6 18. Nhf3 Nd5 19. Nc4 Bxg3 20. fxg3 b5 21. Qd2 bxc4 22. Rxc4 Ne3 23. Ra4 Qd6 24. Kf2 Qh6 25. Kg1 0-1

[Event "Scarborough CC Falling Leaves U2000"]
[Site "Toronto"]
[Date "2010.12.09"]
[Round "7"]
[White "Wiebe, Daniel"]
[Black "Stavropoulos, Greg"]
[Result "1/2-1/2"]
[WhiteElo "1853"]
[BlackElo "1960"]
[PlyCount "24"]
[EventDate "2010.10.28"]
[EventType "swiss"]
[EventRounds "7"]
[EventCountry "CAN"]
[SourceTitle "EXT 2022"]
[Source "ChessBase"]
[SourceDate "2021.10.06"]
[SourceVersion "1"]
[SourceVersionDate "2021.10.06"]
[SourceQuality "1"]

1. e4 c5 2. Nf3 e6 3. d4 cxd4 4. Nxd4 a6 5. Bc4 Qc7 6. Bb3 Nf6 7. Nc3 b5 8. a3 Bb7 9. Qd3 Nc6 10. Bg5 Bc5 11. Bxf6 gxf6 12. Nf3 Rg8 1/2-1/2

[Event "Toronto Reserves"]
[Site "Toronto"]
[Date "1982.02.??"]
[Round "5"]
[White "Evans, Bill"]
[Black "Stavropoulos, Greg"]
[Result "1/2-1/2"]
[WhiteElo "2028"]
[BlackElo "1933"]
[PlyCount "61"]
[EventDate "1982.02.??"]
[EventType "tourn"]
[EventRounds "11"]
[EventCountry "CAN"]
[SourceTitle "EXT 2022"]
[Source "ChessBase"]
[SourceDate "2021.10.06"]
[SourceVersion "1"]
[SourceVersionDate "2021.10.06"]
[SourceQuality "1"]

1. d4 Nf6 2. Nf3 c5 3. d5 e6 4. c4 b5 5. dxe6 fxe6 6. cxb5 d5 7. Bg5 Be7 8. e3 Nbd7 9. Be2 0-0 10. Nc3 Kh8 11. 0-0 Qc7 12. Bh4 Bd6 13. h3 Bb7 14. Rc1 Rae8 15. b4 c4 16. Qa4 e5 17. Bg3 e4 18. Bxd6 Qxd6 19. Nd4 Ne5 20. Qxa7 Bc8 21. Qc5 Qd7 22. b6 Qf7 23. Ncb5 Qg6 24. Kh1 Qh6 25. Nd6 Bxh3 26. Nxe8 Bxg2+ 27. Kxg2 Qg5+ 28. Kh1 Qh4+ 29. Kg2 Qg5+ 30. Kh1 Qh4+ 31. Kg2 1/2-1/2

[Event "Toronto Reserves"]
[Site "Toronto"]
[Date "1982.02.??"]
[Round "3"]
[White "Schleifer, Michael"]
[Black "Stavropoulos, Greg"]
[Result "0-1"]
[WhiteElo "1907"]
[BlackElo "1933"]
[PlyCount "78"]
[EventDate "1982.02.??"]
[EventType "tourn"]
[EventRounds "11"]
[EventCountry "CAN"]
[SourceTitle "EXT 2022"]
[Source "ChessBase"]
[SourceDate "2021.10.06"]
[SourceVersion "1"]
[SourceVersionDate "2021.10.06"]
[SourceQuality "1"]

1. d4 Nf6 2. c4 c5 3. Nf3 cxd4 4. Nxd4 e5 5. Nc2 d5 6. cxd5 Qxd5 7. Qxd5 Nxd5 8. e4 Nb4 9. Nxb4 Bxb4+ 10. Bd2 Nc6 11. Bb5 Bd7 12. 0-0 Bxd2 13. Nxd2 Nd4 14. Bxd7+ Kxd7 15. Nc4 Ke6 16. Rad1 Rhd8 17. g3 Rac8 18. Ne3 Nf3+ 19. Kg2 Nd2 20. Rfe1 Nxe4 21. Rxd8 Rxd8 22. Nc4 Rd4 23. Na5 f5 24. Re2 b6 25. Nc6 Rd5 26. f3 Nd6 27. Nxa7 Kd7 28. b4 b5 29. Rc2 Nc4 30. Kf2 Na3 31. Rc8 Rd2+ 32. Kf1 Rxh2 33. Rc5 Rxa2 34. Rxe5 Nc4 35. Rxb5 Rxa7 36. Ke2 Nd6 37. Rb8 g6 38. Ke3 Rb7 39. Rh8 Ke6 0-1

[Event "Toronto Reserves"]
[Site "Toronto"]
[Date "1982.02.??"]
[Round "6"]
[White "Stavropoulos, Greg"]
[Black "Leliever, Mark"]
[Result "1-0"]
[WhiteElo "1933"]
[BlackElo "1782"]
[PlyCount "71"]
[EventDate "1982.02.??"]
[EventType "tourn"]
[EventRounds "11"]
[EventCountry "CAN"]
[SourceTitle "EXT 2022"]
[Source "ChessBase"]
[SourceDate "2021.10.06"]
[SourceVersion "1"]
[SourceVersionDate "2021.10.06"]
[SourceQuality "1"]

1. Nf3 d5 2. c4 d4 3. g3 c5 4. b4 cxb4 5. a3 bxa3 6. Bxa3 Nc6 7. Bg2 g6 8. d3 Bg7 9. Nbd2 Nf6 10. 0-0 0-0 11. Qc2 Re8 12. Rfb1 e5 13. Ng5 Bf8 14. Nge4 Nxe4 15. Nxe4 Kg7 16. Bxf8+ Rxf8 17. c5 Qc7 18. Nd6 Rd8 19. Qa4 Kf8 20. Nxb7 Bxb7 21. Rxb7 Qxb7 22. Bxc6 Qc7 23. Bxa8 Rxa8 24. c6 Rc8 25. Qa3+ Kg7 26. Qc5 Qxc6 27. Qxe5+ Qf6 28. Qxf6+ Kxf6 29. Rxa7 Rc2 30. Kf1 Ke6 31. Ra4 Ke5 32. f4+ Kd5 33. Ra7 Ke6 34. Kf2 h5 35. Ra6+ Ke7 36. Ra4 1-0